Townships of Delco - Statistics

General Stats
  • This quiz has been taken 18 times
  • The average score is 8 of 21
Answer Stats
Answer % Correct
Haverford
88%
Ridley
88%
Springfield
75%
Upper Darby
75%
Aston
63%
Marple
63%
Chester
50%
Darby
50%
Radnor
50%
Tinicum
50%
Concord
38%
Newtown
38%
Chadds Ford
25%
Middletown
25%
Edgmont
13%
Lower Chichester
13%
Nether Providence
13%
Upper Chichester
13%
Upper Providence
13%
Bethel
0%
Thornbury
0%
No matching quizzes found
Score Distribution
Percent of People with Each Score
Percentile by Number Answered
Your Score History
You have not taken this quiz